LIBRARY & INFORMATION CENTRE, KCAET, TAVANUR

ONLINE PUBLIC ACCESS CATALOGUE (OPAC)

Critical Essays of the Seventeeth Century / (Record no. 11735)

MARC details
000 -LEADER
fixed length control field 00406cam a2200157ua 4500
041 ## - LANGUAGE CODE
Language code of text/sound track or separate title eng
082 ## - DEWEY DECIMAL CLASSIFICATION NUMBER
Classification number 828.09
Item number SPI/CR
100 ## - MAIN ENTRY--AUTHOR NAME
Personal name Spingarn, J.E .
245 ## - TITLE STATEMENT
Title Critical Essays of the Seventeeth Century /
260 ## - PUBLICATION, DISTRIBUTION, ETC. (IMPRINT)
Place of publication :
Name of publisher Oxford university press ,
Year of publication 1937.
300 ## - PHYSICAL DESCRIPTION
Number of Pages 376 ; .

No items available.

free website counter